• 首页
  • 本馆介绍
  • 公告通知
  • 最新文献
  • 馆藏检索
  • 电子资源
  • 读者导购
  • 参考咨询
  • 我的图书馆
  • 登录
  • 详细信息显示
  • 放入我的书架
  • 预约/预借图书
  • 作者相关作品
  • 分类相关作品
  • 丛书相关作品
  • 出版社相关作品

书目信息

  • 表格格式
  • 工作单格式
  • 卡片格式
题名:
二进制与逻辑运算
    
 
作者: 董炯明 编译
分册:  
出版信息: 北京   科学出版社  1979
页数: 108页
开本: 19cm
丛书名:
单 册:
中图分类: TP32
科图分类:
主题词: 计算器 , 电子计算机--一般计算器和计算机
电子资源:
ISBN:
000 00703nam0 2200241 450
001 0636739155
005 20070710174425.60
010    @dCNY0.28
091    @a15031.125
100    @a20060523d1979 km y0chiy0120 ea
101 0  @achi
102    @aCN@b110000
102    @aCN@b110000
200 1  @a二进制与逻辑运算@Aer jin zhi yu luo ji yun suan@e电子计算机基础@f董炯明编译@Fdong jiong ming bian yi
210    @a北京@c科学出版社@d1979
215    @a108页@d19cm
517 1  @a电子计算机基础@Adian zi ji suan ji ji chu
606 0  @a计算器
606 0  @a电子计算机@x一般计算器和计算机
690    @aTP32@v3
701  0 @a董炯明@Adong jiong ming@4编译
801  0 @aCN@bPFT@c20070710
905    @a10447@dTP32@e8
    
    二进制与逻辑运算:电子计算机基础/董炯明编译.-北京:科学出版社,1979
    108页;19cm
    
    
    ISBN :CNY0.28
    
●
相关链接 在E读中查询图书 在五车中查询图书 在当当中查询图书 在豆瓣中查询图书


正题名:二进制与逻辑运算     索取号:TP32/8         预约/预借

序号 登录号 条形码 馆藏地/架位号 状态 备注
1 0021142   202391811   密集书库/ [索取号:TP32/8] 在馆    
2 0021143   202391802   密集书库/ [索取号:TP32/8] 在馆    
3 0021144   202391768   密集书库/ [索取号:TP32/8] 在馆    
4 0438197   204381971   密集书库/ [索取号:TP32/8] 在馆    
5 0438198   204381980   密集书库/ [索取号:TP32/8] 在馆    
6 0438199   204381999   密集书库/ [索取号:TP32/8] 在馆    
7 0438200   204382006   密集书库/ [索取号:TP32/8] 在馆    
8 0438201   204382015   密集书库/ [索取号:TP32/8] 在馆    
9 0438202   204382024   密集书库/ [索取号:TP32/8] 在馆    
10 0438203   204382033   密集书库/ [索取号:TP32/8] 在馆    
11 0438204   204382042   密集书库/ [索取号:TP32/8] 在馆    
12 0438205   204382051   密集书库/ [索取号:TP32/8] 在馆    
13 0438843   204388439   密集书库/ [索取号:TP32/8] 在馆    
14 0768080   207680801   密集书库/ [索取号:TP32/8] 在馆    
15 0768081   207680810   密集书库/ [索取号:TP32/8] 在馆    
16 0768734   207687341   密集书库/ [索取号:TP32/8] 在馆    
17 0768735   207687350   密集书库/ [索取号:TP32/8] 在馆    
18 0768736   207687369   密集书库/ [索取号:TP32/8] 在馆    
19 0768737   207687378   密集书库/ [索取号:TP32/8] 在馆    
20 0768738   207687387   密集书库/ [索取号:TP32/8] 在馆    
唐山师范学院图书馆 欢迎您!
大连网信软件有限公司© 版权所有